Harry potter y el prisionero de azkaban /
Guardado en:
| Autor Principal: | |
|---|---|
| Formato: | Libro |
| Idioma: | Undetermined |
| Publicado: |
Barcelona :
Salamanca,
2021.
|
| Edición: | 7a. ed. |
| Materias: | |
| Etiquetas: |
Agregar Etiqueta
Sin Etiquetas, Sea el primero en etiquetar este registro!
|
| LEADER | 00625nam a22002175a 4500 | ||
|---|---|---|---|
| 001 | CEM.cems024315 | ||
| 008 | 240909s2021####sp############000#0#und#d | ||
| 005 | 20240909112149.0 | ||
| 245 | 1 | 0 | |a Harry potter y el prisionero de azkaban / |c J. K. Rowling. |
| 250 | |a 7a. ed. | ||
| 260 | |a Barcelona : |b Salamanca, |c 2021. | ||
| 300 | |a 382 p. ; |c 19 cm. | ||
| 020 | |a 9789878000121 | ||
| 100 | 1 | |a Rowling, J. K. | |
| 082 | 0 | 4 | |a 823.9 |
| 653 | |a Literatura | ||
| 653 | |a Literatura inglesa | ||
| 653 | |a Novelas | ||
| 653 | |a Novela inglesa | ||
| 653 | |a Literatura juvenil | ||
| 859 | |a CEMS |b BIB. CEMS - Agricultura |h 823.9 |i R795-2 |p A3701.24 |t Ej.1 | ||
